The SAGE handbook of social research methods / (Record no. 634)

000 -LEADER
fixed length control field 01006cam a2200301 a 4500
001 - CONTROL NUMBER
control field 14854801
003 - CONTROL NUMBER IDENTIFIER
control field OSt
005 - DATE AND TIME OF LATEST TRANSACTION
control field 20140116120834.0
008 - FIXED-LENGTH DATA ELEMENTS--GENERAL INFORMATION
fixed length control field 070518s2008 caua b 001 0 eng
020 ## - INTERNATIONAL STANDARD BOOK NUMBER
International Standard Book Number 9781848607309
040 ## - CATALOGING SOURCE
Transcribing agency UKM
042 ## - AUTHENTICATION CODE
Authentication code lccopycat
050 00 - LIBRARY OF CONGRESS CALL NUMBER
Classification number H62.S63 2008
245 04 - TITLE STATEMENT
Title The SAGE handbook of social research methods /
Statement of responsibility, etc Pertti Alasuutari, Leonard Bickman and Julia Brannen, editors.
246 30 - VARYING FORM OF TITLE
Title proper/short title Handbook of social research methods
246 30 - VARYING FORM OF TITLE
Title proper/short title Social research methods
260 ## - PUBLICATION, DISTRIBUTION, ETC. (IMPRINT)
Place of publication, distribution, etc Los Angeles :
Name of publisher, distributor, etc SAGE,
Date of publication, distribution, etc 2008.
300 ## - PHYSICAL DESCRIPTION
Extent xvi, 631 p. :
Other physical details ill.
504 ## - BIBLIOGRAPHY, ETC. NOTE
Bibliography, etc Includes bibliographical references and index.
650 #0 - SUBJECT ADDED ENTRY--TOPICAL TERM
Topical term or geographic name as entry element Social sciences
General subdivision Research
-- Methodology.
700 1# - ADDED ENTRY--PERSONAL NAME
Personal name Alasuutari, Pertti.
700 1# - ADDED ENTRY--PERSONAL NAME
Personal name Bickman, Leonard,
Dates associated with a name 1941-
700 1# - ADDED ENTRY--PERSONAL NAME
Personal name Brannen, Julia.
906 ## - LOCAL DATA ELEMENT F, LDF (RLIN)
a 7
b cbc
c copycat
d 2
e ncip
f 20
g y-gencatlg
942 ## - ADDED ENTRY ELEMENTS (KOHA)
Source of classification or shelving scheme
Koha item type Book
Holdings
Withdrawn status Lost status Source of classification or shelving scheme Damaged status Not for loan Home library Current library Date acquired Source of acquisition Total Checkouts Full call number Barcode Date last seen Copy number Price effective from Koha item type Date checked out
          Riara University Library Riara University Library 25/10/2011 Purchase   RES H62.S63 2008 1508/11 03/06/2015 C.1 25/10/2011 Book  
          Riara University Library Riara University Library 25/10/2011 Purchase 3 H62.S63 2008 1506/11 29/09/2014 C.2 25/10/2011 Book 10/09/2014
          Riara University Library Riara University Library 25/10/2011 Purchase 3 H62.S63 2008 1507/11 09/02/2022 C.3 25/10/2011 Book 07/01/2022

Riara University Library,
P.O. Box 49940-00100,
Nairobi, Kenya.